000 00424nam a2200157Ia 4500
008 210210b2005 xxu||||| |||| 00| 0 eng d
020 _a81 87125 84 3
082 _a519.5 AGAB
100 _aAGARWAL (D R).
245 _aBusiness statistics.
260 _aNew Delhi
_bVrinda Publications Private Limited
_c2005
300 _aviii,856
650 _aBusiness Statistics
690 _aBusiness Statistics
906 _a061467
999 _c108503
_d108503